000 00511nam a2200157Ia 4500
003 GCL
005 20240530101926.0
008 140319s9999 xx 000 0 ara d
040 _aGCL /
_cGCL
082 0 4 _a350.827
_bه ا
100 1 _aهانسن, بنت
245 1 0 _aانظمة التجارة الخارجية والتنمية الاقتصادية فى مصر/
_cهانسن, بنت
260 _a[S.N] :
_bالهيئة المصرية العامة للكتاب ،
_c1988
300 _a439
942 _2ddc
_cBK
999 _c28756
_d28756